000 00965nam a2200265Ia 4500
003 OSt
005 20221005105249.0
006 a|||||r|||| 00| 0
007 ta
008 221004b |||||||| |||| 00| 0 hin d
020 _a9788170168683 (hbk)
_c175
024 _a122936
037 _b13325, 14/07/2012, Kitab Ghar
_cTextual
040 _aCRL
_cCRL
_bhin
041 _2hin
_ahin
082 _aO152(Y11),3x, Q1
100 _aसाहनी, सुकेश, संपा.
245 0 _aबाल मनोवैज्ञानिक लधुकथाएं
246 _aBāl manovaijnyānik ladhukathāean
260 _aनई दिल्ली
_bकिताब घर भारत
_c2011
300 _a128पृ0
_ccm.
650 _aहिन्दी साहित्य
942 _hO152(Y11),3x, Q1
_cTEXL
_2cc
999 _c1015312
_d1015312